000 00559nam a2200181Ia 4500
005 20250326143613.0
008 250326s9999 xx 000 0 und d
037 _aTextbook
040 _aFMSL
_beng
_cFMSL
041 _aeng
_2eng
084 _aX:74ObY N9
_qFMSL
100 _aLambert J
_9343123
245 0 _a50 Activities for conflict resolution : group learning and self development exercises
_cLambert J; Myers S
260 _aNew Delhi
_bNew Delhi, Ane
_c1999
300 _a164p
942 _cTB
_hX:74ObY N9
999 _c1300234
_d1300234